Movies Quiz

Random Movies or Box Office Quiz

Movies Released This Day in July Quiz Stats

 Plays Quiz Updated Jul 25, 2015

Also try: Movies of 2000
Challenge
Share
Tweet
Score 0/31 Timer 12:00
2 Plays Today
% Correct
Forrest Gump
95.4%
Saving Private Ryan
91.6%
The Dark Knight
89.8%
Despicable Me
88.9%
Ghost
88.1%
RoboCop
87.4%
Alice in Wonderland
86.7%
Wedding Crashers
84%
Armageddon
82.1%
Caddyshack
81%
X-Men
80.9%
The Blair Witch Project
79.8%
Clueless
79.6%
When Harry Met Sally...
77.5%
Waterworld
77.1%
Terminator 2: Judgment Day
76.9%
% Correct
Weekend at Bernie's
71.1%
Horrible Bosses
67.3%
Salt
63.8%
The Great Escape
56%
Contact
55.3%
Big Trouble in Little China
54%
The NeverEnding Story
51.5%
The Lost Boys
46.7%
Pacific Rim
41.1%
Crazy, Stupid, Love.
40.9%
Winter's Bone
37.7%
King Arthur
37.6%
The Island
31.5%
Pi
24.6%
The Amityville Horror
14.4%

You're not logged in!

Compare scores with friends on all Sporcle quizzes.
Join for Free
OR
Log In

You Might Also Like...

Show Comments

Extras

Top Quizzes Today


Score Distribution

Your Account Isn't Verified!

In order to create a playlist on Sporcle, you need to verify the email address you used during registration. Go to your Sporcle Settings to finish the process.

Report this User

Report this user for behavior that violates our Community Guidelines.

Details: